000 00608cam a22002053a 4500
001 39155
003 PGUSA
005 20140828083853.0
008 120315s2012||||xxu|||||s|||||000 | eng d
040 _aPGUSA
_beng
042 _adc
100 1 _aWilliams, C. M.
245 1 2 _aA Review of the Systems of Ethics Founded on the Theory of Evolution
_h[electronic resource] /
_cC. M. Williams
260 _bProject Gutenberg,
_c2012
506 _aPublic domain in the USA.
516 _aElectronic text
830 0 _aProject Gutenberg
_v39155
856 4 0 _uhttp://www.gutenberg.org/ebooks/39155
942 _cEB
999 _c268408
_d268408